00612pab a2200193 454500008004000000100001700040245005600057260000900113300001500122362001200137650002600149650002800175650002000203773005600223908000600279909001000285999001700295952010600312180718b2011 xxu||||| |||| 00| 0 eng d aTandon, Usha aFamily planning in India: A study of law and policy c2011 ap.180-206. aJul-Dec aBirth control - India aFamily planning - India aFamily planning aJournal of Constitutional and Parliamentary Studies aN a98571 c98570d98570 00104070aIIPAbIIPAd2018-07-19hVolume no: 45, Issue no: 3-4pAR99031r2018-07-19w2018-07-19yAR